MARC

Tag First Indicator Second Indicator Subfields
LEADER 00000cam a2200000 4500
001 in00001587607
005 20220103183811.0
006 m u
007 cr cn|||||||||
008 001006s1992 cou sb 100 0 eng
010 |z 92006977 
020 |a 0585003610 (electronic bk.) :  |c $33.00 
020 |z 0803238843 (alk. paper) 
020 |z 0803289405 (pbk. : alk. paper) 
035 |a 469  |b (N$T) 
035 |a nL469 
040 |a N$T  |c N$T  |d UtOrBLW 
043 |a n-us--- 
050 1 0 |a LB2322.2  |b .L64 1992eb 
082 0 4 |a 378/.001  |2 20 
245 0 0 |a Logomachia :  |b the conflict of the faculties /  |c edited by Richard Rand. 
264 1 |a Lincoln :  |b University of Nebraska Press,  |c [1992] 
264 4 |c ©1992 
300 |a xii, 218 pages ;  |c 23 cm. 
336 |a text  |b txt  |2 rdacontent 
337 |a computer  |b c  |2 rdamedia 
338 |a online resource  |b cr  |2 rdacarrier 
500 |a Papers originally presented at a symposium on the topic of Kant's Der Streit der Fakultäten. It was sponsored by the English Department of the University of Alabama in 1987. 
504 |a Includes bibliographical references. 
533 |a Electronic reproduction.  |b Boulder, Colo. :  |c NetLibrary,  |d 2000.  |n Available via World Wide Web.  |n Access may be limited to NetLibrary affiliated libraries. 
500 |a Electronic resource. 
650 0 |a Education, Higher  |x Philosophy  |v Congresses.  |0 http://id.loc.gov/authorities/subjects/sh2009102164 
650 0 |a Education, Higher  |z United States  |x Philosophy  |x Congresses. 
650 0 |a Philosophy  |v Congresses.  |0 http://id.loc.gov/authorities/subjects/sh2008108996 
650 0 |a Academic freedom  |x Congresses. 
650 0 |a Philosophy and religion  |v Congresses.  |0 http://id.loc.gov/authorities/subjects/sh2010106073 
650 0 |a Law  |x Philosophy  |v Congresses.  |0 http://id.loc.gov/authorities/subjects/sh2008106813 
650 0 |a Medicine  |x Philosophy  |v Congresses.  |0 http://id.loc.gov/authorities/subjects/sh2010101215 
600 1 0 |a Kant, Immanuel,  |d 1724-1804.  |t Streit der Fakultäten.  |0 http://id.loc.gov/authorities/names/n2005094156 
655 0 |a Electronic books. 
700 1 |a Rand, Richard,  |d 1939-  |0 http://id.loc.gov/authorities/names/n00027618 
710 2 |a NetLibrary, Inc.  |0 http://id.loc.gov/authorities/names/no99080690 
776 0 |c Original  |w (DLC) 92006977 
856 4 1 |u https://proxy.library.tamu.edu/login?url=http://www.netLibrary.com/urlapi.asp?action=summary&v=1&bookid=469  |z Connect to the full text of this electronic book  |t 0 
999 |a MARS 
999 f f |s cc8410d3-6699-31cb-af25-941a0f1dae83  |i d49c06c8-d21d-3a55-8784-eb5eb0dc7afb  |t 0 
952 f f |a Texas A&M University  |b College Station  |c Electronic Resources  |d Available Online  |t 0  |e LB2322.2 .L64 1992eb  |h Library of Congress classification 
998 f f |a LB2322.2 .L64 1992eb  |t 0  |l Available Online